000 00231nam a2200097Ia 4500
005 20251222114405.0
008 251222s1900||||xx |||||||||||||| ||spa||
082 _aDVD0070/C96/1964
245 0 _aMi bella dama:My Fair Lady
942 _cDVD
999 _c1796
_d1796